| 000 | 00613nam a2200205 a 4500 | ||
|---|---|---|---|
| 001 | BRCA_5854 | ||
| 005 | 20190320205236.0 | ||
| 008 | 160311t1949----mx-d#####s---#000-0#eng-# | ||
| 041 | _aeng | ||
| 044 | _aenk | ||
| 050 | 4 |
_aHD9780.M49 _bT38 _c1949 |
|
| 245 | 1 | 0 |
_aA Report on the Operation of the United State and Leather Company Mexico D.F. _cTaylor, D. C. |
| 260 |
_aMéxico _c1949 |
||
| 300 |
_a73 p. _bils., gráficas _c33 cm. |
||
| 500 | _aEn la pasta tiene la firma del Sr. Franz Mayer; Documento Mecanografiado. | ||
| 500 | _aH109 | ||
| 650 | 1 | 4 |
_aCuero _zMéxico _914830 |
| 902 | _aGFM | ||
| 942 |
_2lcc _cB |
||
| 999 |
_c5543 _d5543 |
||